000 01270nam a2200289 i 4500
001 164070
003 ES-MaACL
005 20251118190708.0
008 170620s1846 fr |||| | lat d
080 _a821.14-21"-04"
080 _a821.14'02
100 0 _aEurípides.
_948332
245 1 0 _aFragmenta Euripidis
_b: iterum edidit. Perditorum tragicorum omnium /
_cnunc primum collegit Fr. Guil. Wagner, accedunt indices locupletissimi. Christus patiens : Ezechieli et Christianorum poetarum reliquiae dramatica / ex codicibus emendavit et annotatione critica instruxit Fr. Dübner.
260 _aParisiis :
_bAmbrosio Firmin Didot,
_c1846.
300 _a1 v. (pag. var.) ;
_c25 cm.
530 _aDisponible en formato digital.
546 _aTexto en griego y traducción al latín.
650 7 _aTeatro griego
_2embne
_9136910
700 1 _aWagner, Friedrich Wilhelm,
_d1814-1857
_9163100
700 1 _aDübner, Friedrich (
_d1802-1867)
_9149228
730 0 _aPoetarum tragicorum graecorum fragmenta.
_9163101
730 0 _aChristus patiens.
_9163102
740 0 _aPerditorum tragicorum.
852 _aES-MaACL
_jB-2465
856 _uhttp://bdh-rd.bne.es/viewer.vm?id=0000093165&page=1
_zBiblioteca Digital Hispánica
999 _c164070
_d164070